<?xml version="1.0" encoding="UTF-8"?>
<record
    xmlns:xsi="http://www.w3.org/2001/XMLSchema-instance"
    xsi:schemaLocation="http://www.loc.gov/MARC21/slim http://www.loc.gov/standards/marcxml/schema/MARC21slim.xsd"
    xmlns="http://www.loc.gov/MARC21/slim">

  <leader>01522nam a22002897a 4500</leader>
  <controlfield tag="001">113806</controlfield>
  <controlfield tag="003">DR-UNIBE</controlfield>
  <controlfield tag="005">20250826163907.0</controlfield>
  <controlfield tag="008">250630b2016    dr ||||| |||| 00| 0 spa d</controlfield>
  <datafield tag="040" ind1=" " ind2=" ">
    <subfield code="a">BIBLIOTECA UNIBE</subfield>
    <subfield code="c">BIBLIOTECA UNIBE</subfield>
  </datafield>
  <datafield tag="041" ind1=" " ind2=" ">
    <subfield code="a">spa</subfield>
  </datafield>
  <datafield tag="082" ind1=" " ind2=" ">
    <subfield code="2">22</subfield>
    <subfield code="a">RD 371.202 S161m</subfield>
  </datafield>
  <datafield tag="100" ind1="1" ind2="0">
    <subfield code="a">Salcedo, Adriana</subfield>
    <subfield code="9">196776</subfield>
    <subfield code="e">autor</subfield>
  </datafield>
  <datafield tag="100" ind1="1" ind2="0">
    <subfield code="a">Jennings, Yves-Ren&#xE9;e</subfield>
    <subfield code="9">196777</subfield>
    <subfield code="e">autor</subfield>
  </datafield>
  <datafield tag="245" ind1="1" ind2="3">
    <subfield code="a">La mediaci&#xF3;n como herramienta de resoluci&#xF3;n de conflictos en el sistema educativo dominicano:</subfield>
    <subfield code="b">manual de entrenamiento para facilitadores /</subfield>
    <subfield code="c">Adriana Salcedo, Yves-Ren&#xE9;e Jennings</subfield>
  </datafield>
  <datafield tag="250" ind1=" " ind2=" ">
    <subfield code="a">Primera edici&#xF3;n</subfield>
  </datafield>
  <datafield tag="260" ind1=" " ind2=" ">
    <subfield code="a">Santo Domingo: </subfield>
    <subfield code="b">Ministerio de Educaci&#xF3;n. Direcci&#xF3;n de Orientaci&#xF3;n y Psicologia,</subfield>
    <subfield code="c">2016</subfield>
  </datafield>
  <datafield tag="300" ind1=" " ind2=" ">
    <subfield code="a">115 p&#xE1;ginas :</subfield>
    <subfield code="b">gr&#xE1;ficas, tablas ;</subfield>
    <subfield code="c">27 x 21 cm</subfield>
  </datafield>
  <datafield tag="500" ind1=" " ind2=" ">
    <subfield code="a">Publicaci&#xF3;n elaborada con el apoyo t&#xE9;cnico y financiero de UNICEF</subfield>
  </datafield>
  <datafield tag="505" ind1=" " ind2=" ">
    <subfield code="a">Introducci&#xF3;n |
M&#xF3;dulo I: principios te&#xF3;ricos y metodol&#xF3;gicos de la resoluci&#xF3;n de conflictos |
M&#xF3;dulo II: desarrollando competencias para un buen mediador |
M&#xF3;dulo III: estableciendo un sistema de mediaci&#xF3;n en el &#xE1;mbito escolar |
Lista de anexos |
Lista de referencias </subfield>
  </datafield>
  <datafield tag="650" ind1=" " ind2="7">
    <subfield code="2">lemb</subfield>
    <subfield code="a">Mediaci&#xF3;n</subfield>
    <subfield code="9">5824</subfield>
  </datafield>
  <datafield tag="650" ind1=" " ind2="7">
    <subfield code="2">lemb</subfield>
    <subfield code="a">Soluci&#xF3;n de conflictos escolares</subfield>
    <subfield code="9">198768</subfield>
  </datafield>
  <datafield tag="650" ind1=" " ind2="7">
    <subfield code="2">lemb</subfield>
    <subfield code="a">Convivencia</subfield>
    <subfield code="9">87814</subfield>
  </datafield>
  <datafield tag="700" ind1=" " ind2="0">
    <subfield code="a">P&#xE9;rez Jim&#xE9;nez, Minerva R.</subfield>
    <subfield code="9">15376</subfield>
    <subfield code="e">coordinador general</subfield>
  </datafield>
  <datafield tag="710" ind1="1" ind2="0">
    <subfield code="a">Ministerio de Educaci&#xF3;n. Direcci&#xF3;n de Orientaci&#xF3;n y Psicologia</subfield>
    <subfield code="9">196782</subfield>
    <subfield code="e">revisi&#xF3;n y aportes</subfield>
  </datafield>
  <datafield tag="942" ind1=" " ind2=" ">
    <subfield code="2">ddc</subfield>
    <subfield code="c">BK</subfield>
  </datafield>
  <datafield tag="999" ind1=" " ind2=" ">
    <subfield code="c">113806</subfield>
    <subfield code="d">113806</subfield>
  </datafield>
  <datafield tag="952" ind1=" " ind2=" ">
    <subfield code="0">0</subfield>
    <subfield code="1">0</subfield>
    <subfield code="2">ddc</subfield>
    <subfield code="7">0</subfield>
    <subfield code="8">GEN-RD</subfield>
    <subfield code="a">Principal</subfield>
    <subfield code="d">2025-05-07</subfield>
    <subfield code="l">0</subfield>
    <subfield code="o">RD 371.202 S161m</subfield>
    <subfield code="p">250686</subfield>
    <subfield code="r">2025-06-30 11:07:06</subfield>
    <subfield code="t">Ej. 1</subfield>
    <subfield code="w">2025-06-30</subfield>
    <subfield code="y">BK</subfield>
  </datafield>
</record>
